|
|
|
|
| LEADER |
00000cam a2200000 a 4500 |
| 001 |
1/121847 |
| 008 |
200729?2018####gr| ||| |||| ||gre|| |
| 020 |
|
|
|a 9786185062279
|q (χαρτόδετο)
|
| 040 |
|
|
|a GR-MyUa
|b gre
|c GR-MyUa
|e AACR2
|
| 041 |
0 |
|
|a gre
|
| 082 |
7 |
|
|a 338.4791
|2 (23)
|
| 100 |
1 |
|
|a Μοίρα, Πολυξένη.
|
| 245 |
1 |
0 |
|a Τουριστική Γεωγραφία της Ελλάδας :
|b γεωγραφικές προσεγγίσεις στον τουρισμό /
|c Πολυξένη Μοίρα.
|
| 260 |
|
|
|a Αθήνα :
|b Φαίδιμος,
|c 2018.
|
| 300 |
|
|
|a 382 σ.
|b εικ. ;
|c 23 εκ.
|
| 504 |
|
|
|a Περιλαμβάνει βιβλιογραφία.
|
| 650 |
|
0 |
|a Tourism - Greece.
|
| 650 |
|
0 |
|a Travel agents - Greece.
|
| 852 |
|
|
|a INST
|b CHIOS
|c EUDOXUS
|e 20200729
|h 338.4791 ΜΟΙ
|p 005200039950
|q 005200039950
|t EDX
|y 0
|
| 852 |
|
|
|a INST
|b CHIOS
|c EUDOXUS
|e 20200729
|h 338.4791 ΜΟΙ
|p 005200039951
|q 005200039951
|t EDX
|y 0
|
| 920 |
|
|
|a Εύδοξος
|b Παραγγελία
|y Χίος-ΤΟΔΙΤ
|z 08-07-2020
|
| 970 |
|
|
|a Πουλάκη
|b Στέλλα
|z 29-07-2020
|